00210nam a22000977a 4500003000400000082002000004100001600024245005500040260000900095300000800104SGT a658.15224bC25S aSINGH MANVI aCROWDFUNDING AND CROWDSOURCING A SOCIO LEGAL STUDY c2025 a193